000 02297nam a2200217Ia 4500
003 Ost
005 20260507075324.0
008 260507s9999||||xx |||||||||||||| ||und||
040 _cfsecg
041 _aara
082 _a303.4833
100 _aموزي، سوزان
_eمؤلف
245 0 _aالثورة المعلوماتية و التكنولوجية و سياسات التنمية /
_c سوزان موزي
260 _aبيروت:
_bدار المنهل اللبناني,
_c2009
300 _a173 صفحة؛
_bإيضاحات ؛
_c24 سم
504 _aمراجع ص.150؛ ملاحق ص.158
520 _aالفجوة الرقمية و تأثيراتها في واقع النظام الاقتصادي الدولي، مؤشرات و تحديات الفجوة الرقمية ، التداعيات الاقتصادية للفجوة الرقمية، بين اقتصاد المعرفة و مجتمع المعلومات ، المبادرات العالمية لردم الفجوة الرقمية، أبعاد الثورة التقنية المعاصرة التي تضم البعد الأمني و الثقافي، البعد الاقتصادي، البعد الاجتماعي و الأخلاقي، دور القانون الدولي في ضبط تداعيات الثورة التقنية، حصانة حقوق الالنسان في العصر الرقمي، ادارة الانترنيت و القمة العالمية لمجتمع المعلومات، مساعي اللجنة الاقتصادية و الاجتماعية لغربي آسيا، اعداد الدراسات و الوثائق، عقد المؤتمرات و الاجتماعات وورش العمل، إصدار نشرة تكنولوجيا المعلومات و الاتصالات، نشر التقارير السنوية، البنية الأساسية لتكنولوجيا المعلومات و الاتصالات في دول الاسكو، التطبيقات التكنولوجيا و سياسات التنمية المستدامة في مجال التنمية الاجتماعية، في مجال التنمية الاقتصادية و في مجال الاصلاح الاداري و الحكم الرشيد
653 _aالتكنولوجيا- خدمات المعلومات
653 _aالتنمية
942 _cكتاب
999 _c43949
_d43949